| 000 | 00835nam a22002175a 4500 | ||
|---|---|---|---|
| 003 | OSt | ||
| 005 | 20170316125906.0 | ||
| 008 | 170313n200? ua frb 000 0 ara d | ||
| 040 |
_aEG-ScBUE _bara _cEG-ScBUE |
||
| 082 | 0 | 4 |
_222 _bس ل ا _a340.9 |
| 100 | 1 | _aسلامة، أحمد عبد الكريم. | |
| 245 | 1 | 2 |
_aالتنازع الدولي للقوانين والمرافعات المدنية الدولية / _cتأليف أحمد عبد الكريم سلامة. |
| 260 |
_aالقاهرة : _bدار النهضة العربية، _c[?200] |
||
| 300 |
_a431 ص. ؛ _c24 سم. |
||
| 504 | _aيشتمل على إرجاعات ببليوجرافية. | ||
| 650 | 7 |
_2BUEsh _aتنازع القوانين. |
|
| 650 | 7 |
_2BUEsh _aالقانون الدولي الخاص. |
|
| 651 | _2BUEsh | ||
| 653 |
_bLLAAWW _cMarch2017 |
||
| 942 | _2ddc | ||
| 999 |
_c24444 _d24416 |
||